Les types de remontées mécaniques - Statistiques

Statistiques générales
  • Ce quiz a été pris 52 fois
  • Le résultat moyen est 6 sur 12
Statistiques - réponses
Remontée mécanique % Correct
Téléski
100%
Télésiège
95%
Télécabine
91%
Téléphérique
80%
Tapis roulant
68%
Funiculaire
55%
Double Mono-Câble
32%
Télébenne
32%
Télécorde
27%
Ascenseur incliné
23%
Télémixte
11%
Chemin de fer à crémaillère
5%
Aucun quiz correspondant
Distribution des résultats
% des personnes avec chaque résultat
Percentile par nombre de réponses
Votre historique - résultats
Vous n’avez pas pris ce quiz